00806nam a2200169 a 450000100100000000500170001000800410002704000250006810000180009324500720011126000990018330000200028249000360030250001630033871000990050183000360060000003951620201002031703.0130704s2000 dr 000 0 spa d aDO-SdBNPbspacBNPHU1 aRojas, Onofre10aConvención interamericana contra la corrupción /cOnofre Rojas. aSanto Domingo :bComisión Presidencial para la Reforma y Modernización del Estado.,c2000. a34 p. ;c21 cm.1 aConversatorios de la reformav6 aConversatorio realizado en junio de 1994 en la ciudad de Cartagena de Indias, Colombia, el Dr. Onofre Rojas, en la IV Cumbre Iberoamericana de Jefes de Estado2 aRepública Dominicana.bComisión Presidencial para la Reforma y Modernización del Estado. 0aConversatorios de la reformav6